000
00325 a2200109 4500
001
ART_2093
005
20260410161722.0
008
260409a
245
1
0
_a
El efecto palanca o leverage
100
1
_a
Rey, Ernesto Raúl
773
0
_t
Administración de empresas
_g
- Año XVII, Nº 203 (feb. 1987)
_w
REV2036
999
_c
17100
_d
17100